Analysis of the Determinants of Production of Selected Indigenous Leafy Vegetables by Smallholder FArmers in Kisii County, Kenya (Record no. 217107)
[ view plain ]
| 000 -LEADER | |
|---|---|
| fixed length control field | 00692nam a22001577a 4500 |
| 008 - FIXED-LENGTH DATA ELEMENTS--GENERAL INFORMATION | |
| fixed length control field | 260512b |||||||| |||| 00| 0 eng d |
| 050 ## - LIBRARY OF CONGRESS CALL NUMBER | |
| Classification number | THE SB 321 .K4 O53 2025 |
| Item number | C.1 |
| 100 ## - MAIN ENTRY--PERSONAL NAME | |
| Personal name | Ondari, Florence Bonareri |
| 245 ## - TITLE STATEMENT | |
| Title | Analysis of the Determinants of Production of Selected Indigenous Leafy Vegetables by Smallholder FArmers in Kisii County, Kenya |
| 260 ## - PUBLICATION, DISTRIBUTION, ETC. | |
| Place of publication, distribution, etc. | Kisii |
| Name of publisher, distributor, etc. | Kisii University |
| Date of publication, distribution, etc. | 2025 |
| 300 ## - PHYSICAL DESCRIPTION | |
| Extent | xvii, 146p.:ill. |
| 500 ## - GENERAL NOTE | |
| General note | Includes bibliographical references |
| 650 ## - SUBJECT ADDED ENTRY | |
| Topical term or geographic name entry element | 1. Leafy vegetables - Kenya - Kisii County. 2. Indigenous crops - Kenya - Case studies. 3. Sustainable agriculture - Kenya - Indigenous vegetables. |
| 942 ## - ADDED ENTRY ELEMENTS (KOHA) | |
| Source of classification or shelving scheme | Library of Congress Classification |
| Koha item type | Reference |
| Withdrawn status | Lost status | Source of classification or shelving scheme | Damaged status | Not for loan | Collection | Home library | Current library | Date acquired | Inventory number | Total checkouts | Full call number | Barcode | Date last seen | Copy number | Price effective from | Koha item type |
|---|---|---|---|---|---|---|---|---|---|---|---|---|---|---|---|---|
| Library of Congress Classification | Special Research | Kisii University Library | Kisii University Library | 05/12/2026 | 113317 | THE SB 321 .K4 O53 2025 | A002036 | 05/12/2026 | C.1 | 05/12/2026 | Reference |